História de uma gaivota e do gato que a ensinou a voar (Registo nº 135)
[ vista simples ]
| 000 -Etiqueta do registo | |
|---|---|
| Cabeçalho | 00795nam0a2200277 4500 |
| 005 - Identificador da versão | |
| Campo de controlo | 20240813121755.0 |
| 010 ## - Número internacional normalizado dos livros (ISBN) | |
| Número (ISBN) | 9724118487 |
| 021 ## - Número do Depósito Legal | |
| Código do país | PT |
| Número | 189264/02 |
| 100 ## - Dados gerais de processamento | |
| Dados gerais de processamento | 20160513d2003 a e0pory5003 ba |
| 102 ## - Pais de publicação ou produção | |
| País de publicação | Portugal |
| 101 1# - Língua de publicação | |
| Língua do texto, banda sonora, etc. | Português |
| Língua do documento no original | Espanhol |
| 215 ## - Descrição física | |
| Indicação específica da natureza do documento e extensão da espécie | 121, [4] p. |
| Outras indicações físicas | il. |
| 200 1# - Titulo e menção de responsabilidade | |
| Título próprio | História de uma gaivota e do gato que a ensinou a voar |
| Primeira menção de responsabilidade | Luis Sepúlveda |
| 225 2# - Colecção | |
| Título próprio da colecção | Pequenos prazeres |
| 205 ## - Menção da edição | |
| Menção da edição | 12ª ed |
| 210 ## - Publicação, Distribuição, etc. | |
| Lugar da edição, distribuição, etc. | Porto |
| Nome do editor, distribuidor, etc. | Asa |
| Data da publicação, distribuição, etc. | 2003 |
| 300 ## - Notas gerais | |
| Texto da nota | Metas Curriculares |
| Texto da nota | Plano Nacional de Leitura |
| 606 ## - Nome comum usado como assunto | |
| Número de registo de entrada de autoridade | 0002250 |
| Palavra de ordem | Literatura chilena |
| Subdivisão de assunto | Conto |
| Código do sistema | CA |
| 675 ## - Classificação Decimal Universal (CDU) | |
| Notação | 821.134.2(83)-34 |
| Edição | 3ª ed. |
| Língua da edição | por |
| 700 #1 - Nome de autor-pessoa física (responsabilidade principal) | |
| Número de registo de entrada de autoridade | 0001795 |
| Palavra de ordem | Sepúlveda |
| Outra parte do nome não tomada para palavra de ordem | Luis |
| Datas | 1949- |
| 966 ## - Identificação da Biblioteca | |
| Sigla | EB2,3ENM |
| 942 ## - Elementos de entrada adicionados (Koha) | |
| Tipo de item no Koha | Livro |
| Situação do levantamento | Origin of item (home branch) (coded) | Biblioteca de empréstimo | Código de barras | Cota | Circulation type (not for loan) | Tipo de documento | Nota do exemplar | Damaged status |
|---|---|---|---|---|---|---|---|---|
| Biblioteca Escolar Eng. Nuno Mergulhão | Biblioteca Escolar Eng. Nuno Mergulhão | BENM949 | 82LE-34 SEP MET PNL | Livro | Sem mensagem |
